Hidup mesti jujur

Bibliographic Details
Main Author: Amer Haji Matsom
Format: Book
Published: KL : Edition Plus Sdn.Bhd , 2007
Series:Siri pantun pelajar positif
Subjects:

MARC

LEADER 00000cam a2200000 7i4500
001 0000032297
005 20220105104053.0
008 120530
020 |a 9675262135 (Series) 
020 |a 9675262166 
090 0 0 |a JP   |b NS MAL 
100 0 |a Amer Haji Matsom 
245 1 0 |a Hidup mesti jujur   |c Amer Haji Matsom 
260 |a KL :   |b Edition Plus Sdn.Bhd ,   |c 2007 
440 |a Siri pantun pelajar positif 
500 |a Children age 4-6 years old (yellow) 
650 0 |a Didactic poetry, Malay 
650 0 |a Pantoums 
999 |a 0001140879   |b Book   |c Children Collection   |e Perbadanan Perpustakaan Awam Johor 
999 |a 0001140880   |b Book   |c Children Collection   |e Perbadanan Perpustakaan Awam Johor 
999 |a 0001140881   |b Book   |c Children Collection   |e Perbadanan Perpustakaan Awam Johor